| 000 | 01225nam a2200313 i 4500 | ||
|---|---|---|---|
| 001 | 181007 | ||
| 003 | ES-MaACL | ||
| 005 | 20250821063109.0 | ||
| 008 | 121001s2011 sp |||| |dspa d | ||
| 020 | _a978-84-8472-641-8 | ||
| 080 | _a821.134.2.09"18/19" | ||
| 080 | _a821.134.2(7/8).09"18/19" | ||
| 080 | _a821.134.2(729.1)-92"19" | ||
| 100 | 1 |
_aBaquero, Gastón, _d1918-1997 _925260 |
|
| 245 | 1 | 0 |
_aApuntes literarios de España y América / _cGastón Baquero ; edición, prólogo y notas de Alberto Díaz-Díaz. |
| 260 |
_aSevilla : _bRenacimiento, _c2011. |
||
| 300 |
_a396 p. ; _c21 cm. |
||
| 490 | 1 |
_aIluminaciones ; _v67 |
|
| 650 | 7 |
_aLiteratura española- _yS.XIX- _xHistoria y crítica. _914568 |
|
| 650 | 7 |
_aLiteratura española- _yS.XX- _xHistoria y crítica. _9141686 |
|
| 650 | 0 | 7 |
_aLiteratura hispanoamericana- _yS.XIX- _xHistoria y crítica. _914609 |
| 650 | 7 |
_aLiteratura hispanoamericana- _yS.XX- _xHistoria y crítica. _914614 |
|
| 700 | 1 |
_aDíaz Díaz, Alberto, _d1958- _9140939 |
|
| 830 | 0 | 0 |
_aIluminaciones _v67 _9185775 |
| 852 |
_aES-MaACL _jA-12226 _9187888 _bR.148308 _cDEPO1 _dOlim: N-5231 |
||
| 942 |
_2udc _cMONOGRAFIA |
||
| 999 |
_c181007 _d181007 |
||